[Event "Thessaloniki ol (Men)"]
[Site "Thessaloniki"]
[Date "1988.??.??"]
[Round "14"]
[White "Piket, Jeroen"]
[Black "Chandler, Murray G"]
[Result "1-0"]
[WhiteElo "2495"]
[BlackElo "2610"]

1.d4 d5 2.Nf3 Nf6 3.c4 c6 4.Nc3 dxc4 5.a4 Bf5 6.Ne5 e6 7.f3 Bb4 8.e4 Bxe4
9.fxe4 Nxe4 10.Bd2 Qxd4 11.Nxe4 Qxe4+ 12.Qe2 Bxd2+ 13.Kxd2 Qd5+ 14.Kc2 Na6
15.Nxc4 O-O-O 16.Qe5 f6 17.Qe3 Nb4+ 18.Kb3 c5 19.Rc1 Nc6 20.Ka3 Kb8 21.Qg3+ e5
22.Qxg7 Qe6 23.Be2 Nd4 24.Bf3 e4 25.Rhe1 f5 26.Bd1 Rhg8 27.Qxh7 Rxg2 28.Qh4 Rc8
29.Qf4+ Ka8 30.Bb3 Rh8 31.Red1 Qe7 32.Qd6 Qxd6 33.Nxd6 b6 34.Rxd4 cxd4 35.Rc7 a6
36.Bd5+ Kb8 37.Rb7+ Ka8 38.Rxb6+ Ka7 39.Rb7+ Ka8 40.Rh7+ Kb8 41.Rxh8+ Kc7
42.Nxf5 d3  1-0

[Event "Thessaloniki ol (Men)"]
[Site "Thessaloniki"]
[Date "1988.??.??"]
[Round "14"]
[White "Manor, Ilan"]
[Black "Hector, Jonny"]
[Result "1/2-1/2"]
[WhiteElo "2430"]
[BlackElo "2435"]

1.d4 d5 2.c4 c6 3.Nf3 Nf6 4.Nc3 dxc4 5.a4 Bf5 6.Ne5 e6 7.f3 Bb4 8.e4 Bxe4
9.fxe4 Nxe4 10.Bd2 Qxd4 11.Nxe4 Qxe4+ 12.Qe2 Bxd2+ 13.Kxd2 Qd5+ 14.Kc2 Na6
15.Nxc4 O-O-O 16.Qe5 f6 17.Qxd5 cxd5 18.Ne3 Nb4+ 19.Kb3 Nc6 20.Rd1 Rhe8 21.g3 d4
22.Nc4 e5 23.Bg2 g6 24.Rhe1 Kc7 25.g4 Rb8 26.Rc1 Kd7 27.Kc2 b5 28.axb5 Rxb5
29.Kd2 Nb4 30.Na3 Rb6 31.Rc5 Na6 32.Rd5+ Ke7 33.Nc4 Rb4 34.Ra1 Rxc4 35.Rxa6 Rb8
36.Rxa7+ Ke6 37.Ra6+ Ke7 38.Ra2 Rcb4 39.Kc1 Rc8+ 40.Kb1 Rcb8 41.g5 R8b6 42.Be4 Ke6
43.Rda5 fxg5 44.Kc1 Kf6 45.b3 Rxb3 46.Rf2+ Kg7 47.Rxe5 g4 48.Rd5 Ra3 49.Rc2 Ra4
50.Kd2 h5 51.Rdc5 Kh6 52.Rc6 Raa6  1/2-1/2

[Event "Tilburg"]
[Site "Tilburg"]
[Date "1988.??.??"]
[Round "?"]
[White "Karpov, Anatoly"]
[Black "Huebner, Robert"]
[Result "1/2-1/2"]
[WhiteElo "2725"]
[BlackElo "2600"]

1.d4 d5 2.c4 dxc4 3.Nf3 Nf6 4.Nc3 c6 5.a4 Bf5 6.Ne5 e6 7.f3 Bb4 8.e4 Bxe4
9.fxe4 Nxe4 10.Bd2 Qxd4 11.Nxe4 Qxe4+ 12.Qe2 Bxd2+ 13.Kxd2 Qd5+ 14.Kc2 Na6
15.Nxc4 O-O-O 16.Qe5 f6 17.Qe3 c5 18.Be2 Nb4+ 19.Kb3 Nc6 20.Kc3 Nd4 21.Bf3 Nxf3
22.gxf3 Qd4+ 23.Qxd4 Rxd4 24.b4 Rd5 25.bxc5 Rxc5 26.Kb4 Rd5 27.f4 Rd4 28.Rhe1 Kb8
29.Rxe6 Rc8 30.Rc1 Rxf4 31.Rc3 h5 32.Kb3 b6 33.Ree3 Rd4 34.Re6 h4 35.h3 Rf4
36.Ree3 Rd4 37.Re6 Rf4  1/2-1/2

[Event "USA-ch"]
[Site "?"]
[Date "1988.??.??"]
[Round "?"]
[White "Wilder, Michael"]
[Black "Frias, Victor J"]
[Result "1/2-1/2"]
[WhiteElo "2505"]
[BlackElo "2510"]

1.d4 d5 2.Nf3 c6 3.c4 Nf6 4.Nc3 dxc4 5.a4 Bf5 6.e3 e6 7.Bxc4 Bb4 8.O-O Nbd7
9.Qb3 a5 10.Nh4 Bg6 11.Nxg6  1/2-1/2

[Event "Uzhgorod"]
[Site "Uzhgorod"]
[Date "1988.??.??"]
[Round "?"]
[White "Magerramov, Elmar"]
[Black "Stratil, Ladislav Jr"]
[Result "1-0"]
[WhiteElo "2430"]
[BlackElo "2415"]

1.d4 d5 2.c4 dxc4 3.Nf3 Nf6 4.Nc3 c6 5.a4 Bf5 6.Ne5 Nbd7 7.Nxc4 e6 8.f3 Bb4
9.e4 Nxe4 10.fxe4 Qh4+ 11.Kd2 Qf2+ 12.Qe2 Qxd4+ 13.Kc2 Bg6 14.Be3 Qf6 15.Rd1 Qe7
16.Kb3 b5 17.axb5 cxb5 18.Nxb5 O-O 19.Nbd6 Rfb8 20.Ka2 Nb6 21.Bc1 Rd8 22.e5 Nd5
23.Ne3 Bxd6 24.Nxd5 exd5 25.exd6 Qh4 26.Qa6 Rxd6 27.Qa3 Qf6 28.Bd3 Bxd3 29.Qxd3 d4
30.Kb1 Rc8 31.Rhf1 Qe6 32.Rde1 Qd7 33.Qf5 d3 34.Qxd7 Rxd7 35.Bd2 f6 36.Bc3 Kf7
37.Rd1 Rc5 38.Rf3 Rcd5 39.Kc1 a5 40.Kd2 Rh5 41.h3 Rg5 42.g3 h5 43.Ra1 Rdd5
44.h4 Rgf5 45.Rxf5 Rxf5 46.Ke3  1-0

[Event "Val Maubuee op"]
[Site "Val Maubuee"]
[Date "1988.??.??"]
[Round "?"]
[White "Haik, Aldo"]
[Black "Hector, Jonny"]
[Result "0-1"]
[WhiteElo "2370"]
[BlackElo "2415"]

1.d4 d5 2.c4 c6 3.Nf3 Nf6 4.Nc3 dxc4 5.a4 Bf5 6.e3 e6 7.Bxc4 Bb4 8.O-O Nbd7
9.Nh4 Bg4 10.f3 Bh5 11.g4 Bg6 12.e4 Qa5 13.Qe2 e5 14.Be3 Bd6 15.Rad1 Nb6
16.dxe5 Bxe5 17.g5 Nfd7 18.f4 Bxc3 19.bxc3 Nxc4 20.Qxc4 O-O-O 21.Nxg6 hxg6
22.Bd4 f6 23.e5 fxe5 24.fxe5 Rhe8 25.Qf7 Nxe5 26.Qxg7 Rd7 27.Qf6 Rf7 28.Qd6 Rd7
29.Qf6 Rf7 30.Qd6 Nf3+ 31.Kh1 Nxg5 32.Rxf7 Nxf7 33.Qxg6 Qd5+ 34.Qg2 Qh5 35.Rg1 Kb8
36.Rf1 Nd6 37.Qf3 Qa5 38.Rb1 Ka8 39.Rg1 Qxa4 40.Qf4 Nb5 41.Qf7 Rb8 42.Rg8 Qd1+
43.Kg2 Qe2+ 44.Kg3 Qe1+ 45.Kg4 Qe4+ 46.Kg3 Nxd4 47.Rxb8+ Kxb8 48.Qf8+ Kc7
49.Qg7+ Kb6 50.cxd4 a5 51.Qh8 a4 52.Qd8+ Kb5 53.Qa8 b6 54.h4 Qe3+ 55.Kg4 a3
56.d5 Qe4+ 57.Kg3 Qd3+ 58.Kg4 cxd5 59.h5 Qc4+ 60.Kf5 a2 61.h6 Qe4+  0-1

[Event "Nordic-tt"]
[Site "Aabybro"]
[Date "1989.??.??"]
[Round "?"]
[White "Ahlander, Bjorn"]
[Black "Sorri, Kari Juhani"]
[Result "0-1"]
[WhiteElo "2415"]
[BlackElo "2300"]

1.d4 d5 2.c4 c6 3.Nf3 Nf6 4.Nc3 dxc4 5.a4 Bf5 6.e3 e6 7.Bxc4 Bb4 8.O-O Nbd7
9.Nh4 Bg6 10.Nxg6 hxg6 11.Qf3 g5 12.e4 Nb6 13.Qd3 Nxc4 14.Qxc4 Bxc3 15.bxc3 Nxe4
16.f3 Nd6 17.Qb4 Qc7 18.Ra2 a5 19.Qb3 Nf5 20.g4 Ne7 21.Bxg5 Nd5 22.Re2 O-O
23.c4 Nb4 24.Qe3 b5 25.Bf4 Qd7 26.g5 bxc4 27.Be5 Nd3 28.Kh1 Nxe5 29.Qxe5 Qd5
30.Qf4 Rad8 31.Re4 Rd7 32.Rc1 Rfd8 33.Qe3 Rb7 34.g6 fxg6 35.Rc3 Rb3 36.Kg2 c5
37.Rxb3 cxb3 38.dxc5 b2 39.Qe1 Qd2+ 40.Kh3 Qd3 41.Rf4 Re8  0-1

[Event "Nordic-tt"]
[Site "Aabybro"]
[Date "1989.??.??"]
[Round "?"]
[White "Schmidt, Wlodzimierz"]
[Black "Hertneck, Gerald"]
[Result "0-1"]
[WhiteElo "2465"]
[BlackElo "2475"]

1.Nf3 d5 2.d4 Nf6 3.c4 c6 4.Nc3 dxc4 5.a4 Bf5 6.Ne5 e6 7.f3 Bb4 8.e4 Bxe4
9.fxe4 Nxe4 10.Bd2 Qxd4 11.Nxe4 Qxe4+ 12.Qe2 Bxd2+ 13.Kxd2 Qd5+ 14.Kc2 Na6
15.Nxc4 O-O 16.Qe5 Rfd8 17.Be2 f6 18.Qxd5 cxd5 19.Na5 Rac8+ 20.Kb1 Nb4 21.Nxb7 Rd7
22.Na5 d4 23.Ra3 Nc2 24.Rb3 Ne3 25.Rxe3 dxe3 26.Nc4 Rd4 27.b3 f5 28.Rc1 f4
29.Kb2 e5 30.b4 Kf8 31.b5 Ke7 32.a5 Rd5 33.b6 axb6 34.a6 Rb5+ 35.Kc3 Rbc5
36.Kb4 b5 37.a7 bxc4 38.Bxc4 R5c7  0-1

[Event "Aarhus-A"]
[Site "Aarhus"]
[Date "1989.??.??"]
[Round "6"]
[White "Rewitz, Poul"]
[Black "Jelling, Erik"]
[Result "0-1"]
[WhiteElo "2260"]
[BlackElo "2340"]

1.d4 d5 2.c4 c6 3.Nf3 Nf6 4.Nc3 dxc4 5.a4 Bf5 6.Ne5 e6 7.f3 Bb4 8.e4 Bxe4
9.fxe4 Nxe4 10.Bd2 Qxd4 11.Nxe4 Qxe4+ 12.Qe2 Bxd2+ 13.Kxd2 Qd5+ 14.Kc3 Na6
15.Nxc4 Qc5 16.Qe3 Qb4+ 17.Kc2 O-O 18.Qa3 Rad8 19.Qxb4 Nxb4+ 20.Kb3 Nd5 21.Be2 Rfe8
22.Rhe1 f6 23.Rad1 Kf7 24.a5 a6 25.Bf3 Re7 26.Rd2 g6 27.h4 h5 28.g3 f5 29.Nb6 Kf6
30.Nxd5+ cxd5 31.Rc1 d4 32.Rc5 d3 33.Kc4 e5 34.Bd5 e4 35.Rd1 Rdd7 36.Kd4 Re5
37.Kc4 e3  0-1

[Event "AUT-chT"]
[Site "?"]
[Date "1989.??.??"]
[Round "?"]
[White "Hanel, Reinhard"]
[Black "Herndl, Harald"]
[Result "1/2-1/2"]
[WhiteElo "2375"]
[BlackElo "2280"]

1.c4 Nf6 2.Nc3 c6 3.d4 d5 4.Nf3 dxc4 5.a4 Bf5 6.Ne5 Nbd7 7.Nxc4 Qc7 8.g3 e5
9.Bg2 Rd8 10.O-O Be6 11.dxe5 Nxe5 12.Nd2 h5 13.Qc2 h4 14.Nde4 Nxe4 15.Qxe4 hxg3
16.hxg3 Ng4 17.Bf4 Qa5 18.Rfd1 Rxd1+ 19.Rxd1 Bc5 20.e3 O-O 21.Qc2 Be7 22.Ne4 Qb4
23.Qe2 Qxa4 24.Bf3 Nf6 25.Bg5 Nxe4 26.Bxe7 Re8 27.Rd4 Qa1+ 28.Rd1 Qa4  1/2-1/2

[Event "AUT-chT"]
[Site "?"]
[Date "1989.??.??"]
[Round "?"]
[White "Hoelzl, Franz"]
[Black "Hanel, Reinhard"]
[Result "1-0"]
[WhiteElo "2350"]
[BlackElo "2375"]

1.d4 d5 2.c4 c6 3.Nf3 Nf6 4.Nc3 dxc4 5.a4 Bf5 6.e3 e6 7.Bxc4 Nbd7 8.O-O Be7
9.Qe2 Ne4 10.Nd2 Ndf6 11.Ndxe4 Nxe4 12.f3 Nf6 13.e4 Bg6 14.Be3 O-O 15.g4 Qa5
16.g5 Nd7 17.f4 Nb6 18.Bd3 f6 19.f5 exf5 20.exf5 Be8 21.g6 Bb4 22.Nb5 Rd8
23.Qh5 h6 24.Nc7 Bd2 25.Bf2 Bd7 26.Qe2 Nd5 27.Nxd5 cxd5 28.Rfd1 Bb4 29.Rdc1 Rfe8
30.Qf3 Re7 31.Rc2 Bc6 32.b3 Rde8 33.Kg2 a6 34.Rac1 Bd2 35.Rxc6 bxc6 36.Rxc6 Be1
37.Bg1 Qd2+ 38.Kh1 a5 39.Rc2 Qg5 40.Qxd5+ Kh8 41.Bb5 Rf8 42.Qd6 Bb4 43.Qd5 Re1
44.Rg2 Qf4 45.Re2 Rd1 46.Qe4 Qc1 47.Qe3 Qb1 48.Bd7 Bc3 49.Rg2 Bxd4 50.Qg3 Qe4  1-0

[Event "AUT-chT"]
[Site "?"]
[Date "1989.??.??"]
[Round "?"]
[White "Juraczka, Franz"]
[Black "Herndl, Harald"]
[Result "1/2-1/2"]
[WhiteElo "2280"]
[BlackElo "2280"]

1.d4 d5 2.c4 c6 3.Nc3 Nf6 4.Nf3 dxc4 5.a4 Bf5 6.e3 e6 7.Bxc4 Bb4 8.O-O Nbd7
9.Qe2 Bg6 10.Rd1 O-O 11.h3 Qe7 12.g4 Ne4 13.Nxe4 Bxe4 14.Nd2 Bxd2 15.Bxd2 Qf6
16.f4 Qg6 17.Bb4 Rfe8 18.Kh2 Nb6 19.Bb3 Nd5 20.Bc5 f6 21.Rac1 Kf7 22.Bc4 Rh8
23.Rg1 h6 24.Rcf1  1/2-1/2

[Event "AUT-chT"]
[Site "?"]
[Date "1989.??.??"]
[Round "?"]
[White "Schuh, Franz"]
[Black "Herndl, Harald"]
[Result "0-1"]
[WhiteElo "2295"]
[BlackElo "2280"]

1.d4 d5 2.c4 c6 3.Nf3 Nf6 4.Nc3 dxc4 5.a4 Bf5 6.e3 e6 7.Bxc4 Bb4 8.O-O Nbd7
9.Qb3 a5 10.Na2 Be7 11.Nc3 O-O 12.Nh4 Qb6 13.Nxf5 exf5 14.Qc2 g6 15.Rd1 Qc7
16.Bd2 Bd6 17.g3 Rfe8 18.Bf1 h5 19.Rac1 Rac8 20.Bg2 h4 21.Qd3 hxg3 22.hxg3 Qd8
23.e4 fxe4 24.Nxe4 Nxe4 25.Bxe4 Bf8 26.Re1 Bg7 27.Bg2 Qb6 28.Bh3 Rxe1+ 29.Rxe1 Bxd4
30.Re7 Ne5 31.Rxe5 Rd8 32.Re3 Bxe3 33.Qxe3 Qxe3 34.Bxe3 Rd1+ 35.Kg2 b5 36.axb5 cxb5
37.Kf3 a4 38.Ke2 Rb1 39.Bd4 b4 40.Bg2 Rc1 41.Bd5 Rc7 42.Kd3 Kf8 43.Bb6 Rc1
44.Ba5 b3 45.Bc4 Rc2 46.Bc3 Rxf2 47.Bb5 a3 48.Bb4+ Kg7 49.Bxa3 Rf3+ 50.Kc4 Rxg3
51.Bd6 Rh3 52.Ba4 g5 53.Bxb3 g4 54.Bc2 g3 55.Be4 f5 56.Bf3 Kf6 57.Kd5 Kg5
58.Ke5 Rh2 59.b4 Rf2 60.Be7+ Kg6 61.Bc6 Re2+ 62.Kd6 g2 63.Bxg2 Rxg2 64.b5 Kf7
65.Bh4 Rb2 66.Kc6 Ke6 67.Bg3 Rc2+ 68.Kb7 Rc4 69.b6 Kd7 70.Bf2 f4 71.Ka8 Ra4+
72.Kb7 Ra2 73.Bd4 f3 74.Kb8 f2  0-1

[Event "Bad Woerishofen op"]
[Site "Bad Woerishofen"]
[Date "1989.??.??"]
[Round "?"]
[White "Kohlweyer, Bernd"]
[Black "Meduna, Eduard"]
[Result "0-1"]
[WhiteElo "2365"]
[BlackElo "2485"]

1.d4 Nf6 2.c4 c6 3.Nc3 d5 4.Nf3 dxc4 5.a4 Bf5 6.Ne5 Nbd7 7.Nxc4 e6 8.f3 Nb6
9.e4 Bg6 10.Be3 Bb4 11.Qb3 a5 12.Be2 Nxc4 13.Bxc4 O-O 14.O-O Nd7 15.Rfd1 Qe7
16.Rac1 Rab8 17.Bf2 Kh8 18.Re1 e5 19.d5 f6 20.Red1 h6 21.Ne2 Rfd8 22.Ng3 Bc5
23.Qc2 cxd5 24.Bxd5 b6 25.Qe2 Rbc8 26.Qb5 Bxf2+ 27.Kxf2 Rxc1 28.Rxc1 Nc5
29.Rd1 Qc7 30.b3 Be8 31.Qc4 b5 32.axb5 Qb6 33.Ke1 Bxb5 34.Qc2 a4 35.b4 Na6
36.Qf2 Qxf2+ 37.Kxf2 Nxb4 38.Nf5 a3 39.Ra1 a2 40.Ne3 Rc8 41.h4 Bd3 42.Rxa2 Nxa2
43.Bxa2 Bb5 44.Be6 Rc7 45.h5 Be8 46.Bg4 Kg8 47.Kg3 Kf8 48.Nf5 Rc1 49.Kh2 Rc2
50.Kg3 Rd2 51.Nh4 Rb2 52.Nf5 Rb1 53.Kh2 Rb3 54.Ng3 Bf7 55.Nf5 Ra3 56.Kg3 Ra1
57.Kh2 Bg8 58.Ng3 Ra7 59.Kh3 Bh7 60.Bf5 Bg8 61.Bg4 Ke7 62.Nf5+ Kd8 63.Kg3 Bh7
64.Nh4 Kc7 65.Be6 Kd6 66.Bc4 Kc5 67.Be6 Kd4 68.Kf2 Rb7 69.Kg3 Ke3 70.Bc4 Rc7
71.Be6 Ke2 72.Bd5 Rc1 73.Be6 Kf1 74.Bf7 Kg1 75.Be6 Rc3 76.Bd5 Ra3 77.Bc6 Bg8
78.Bd7 Ra2 79.Bh3 Bf7 80.Nf5 Be6 81.Nxg7 Bxh3 82.Kxh3 Rxg2 83.Nf5 Rg5 84.Kh4 Rxf5  0-1

[Event "Belgrade op"]
[Site "Belgrade"]
[Date "1989.??.??"]
[Round "3"]
[White "Tosic, Miroslav"]
[Black "Blagojevic, Dragisa"]
[Result "1-0"]
[WhiteElo "2375"]
[BlackElo "2400"]

1.Nf3 d5 2.d4 Nf6 3.c4 c6 4.Nc3 dxc4 5.a4 Bf5 6.Ne5 Na6 7.f3 Nd7 8.Nxc4 e5
9.e4 exd4 10.exf5 dxc3 11.Qe2+ Be7 12.Bg5 cxb2 13.Rd1 Kf8 14.Bf4 Nb4 15.Qxb2 Nd5
16.Bd2 Bc5 17.Rc1 N7b6 18.Be2 Qe7 19.a5 Re8 20.Qe5 Qd8 21.Qa1 Qh4+ 22.Kd1 Qf2
23.Ne5 Ne3+ 24.Bxe3 Qxe3 25.Rxc5 Qxc5 26.f4 Rd8+ 27.Ke1 Qb4+ 28.Kf2 Qxf4+
29.Nf3 Nd5 30.Rd1 Qe3+ 31.Ke1 Re8 32.Rd2 Nf4 33.f6 g6 34.Qd4 Nxe2 35.Qxe3 Rxe3
36.Kf2 Re8 37.Rxe2 Rxe2+ 38.Kxe2 h5 39.h4 Ke8 40.Ne5 Rf8  1-0

[Event "Belgrade op"]
[Site "Belgrade"]
[Date "1989.??.??"]
[Round "9"]
[White "Jovicic, Milos"]
[Black "Simic, Sinisa"]
[Result "0-1"]
[WhiteElo "2350"]
[BlackElo "2270"]

1.Nf3 d5 2.d4 Nf6 3.c4 c6 4.Nc3 dxc4 5.a4 Bf5 6.Nh4 Bc8 7.e3 e5 8.Bxc4 exd4
9.exd4 Be7 10.O-O O-O 11.Re1 a5 12.Bg5 Na6 13.Qb3 Nb4 14.Re3 Nfd5 15.Bxe7 Nxe7
16.Rae1 Ned5 17.Bxd5 cxd5 18.Nf3 Bf5 19.Re5 Bc2 20.Qa3 f6 21.R5e3 Bg6 22.Qb3 Nc2
23.Nxd5 Nxe3 24.Ne7+ Kh8 25.Nxg6+ hxg6 26.Rxe3 Qc7 27.g4 Qf7 28.d5 Ra6 29.Nd4 Rd6
30.Ne6 Rc8 31.Qd3 Kg8 32.Nf4 f5 33.g5 Re8 34.Re6 Rexe6 35.dxe6 Qc7 36.Qe3 Qc6
37.f3  0-1

[Event "Perenyi mem-B"]
[Site "Budapest"]
[Date "1989.??.??"]
[Round "?"]
[White "Malaniuk, Vladimir P"]
[Black "Pein, Malcolm"]
[Result "1-0"]
[WhiteElo "2520"]
[BlackElo "2405"]

1.d4 d5 2.c4 c6 3.Nc3 Nf6 4.Nf3 dxc4 5.a4 Bf5 6.Ne5 e6 7.f3 Bb4 8.e4 Bxe4
9.fxe4 Nxe4 10.Bd2 Qxd4 11.Nxe4 Qxe4+ 12.Qe2 Bxd2+ 13.Kxd2 Qd5+ 14.Kc2 Na6
15.Nxc4 O-O 16.Qe5 Rfd8 17.Be2 f6 18.Qxd5 cxd5 19.Na5 Rac8+ 20.Kb1 Nc5 21.Rc1 d4
22.Bf3 b6 23.b4 d3 24.bxc5 bxa5 25.c6 Rd4 26.Rc5 e5 27.Kb2 Kf7 28.Kc3 Ke6
29.Rxa5 Rc7 30.Rd1 f5 31.Re1  1-0

[Event "Cannes op"]
[Site "Cannes"]
[Date "1989.??.??"]
[Round "?"]
[White "Haik, Aldo"]
[Black "Mednis, Edmar John"]
[Result "1-0"]
[WhiteElo "2390"]
[BlackElo "2450"]

1.d4 Nf6 2.Nf3 d5 3.c4 c6 4.Nc3 dxc4 5.a4 Bf5 6.e3 e6 7.Bxc4 Bb4 8.O-O Nbd7
9.Nh4 Bg4 10.f3 Bh5 11.g4 Nd5 12.Ng2 Bg6 13.Na2 Be7 14.e4 Nb4 15.Nxb4 Bxb4
16.Be3 O-O 17.Qb3 a5 18.Rad1 Qe7 19.h4 h6 20.Rf2 e5 21.h5 Bh7 22.d5 cxd5
23.Bxd5 Nc5 24.Qa2 Rac8 25.Rc2 b6 26.Rdc1 Qf6 27.Rf1 Rc7 28.Qc4 Rfc8 29.Qb5 Qd6
30.Rfc1 Qf6 31.Qe2 Qe7 32.b3 Kh8 33.Bf2 g6 34.Bh4 g5 35.Bf2 Qf6 36.Ne3 Rd7
37.Bc4 Nxe4 38.fxe4 Bxe4 39.Bb5 Rxc2 40.Rxc2 Rd8 41.Nf5 Bxc2 42.Qxc2 Bc5
43.Bxc5 bxc5 44.Qe4 Kg8 45.Bc4 Rd2 46.Qa8+ Kh7 47.Qe8 e4 48.Qxf7+ Qxf7 49.Bxf7 Kh8
50.Bc4 Kh7 51.Ng3 e3 52.Ne2 Kg7 53.Kg2 Kf6 54.Kf3 Ke5 55.Kxe3 Rd1 56.Ng3 Rg1
57.Kf3 Rc1 58.Nf5 Rc3+ 59.Ke2 Kf4 60.Nxh6 Rh3 61.Kd2 Rg3 62.Bd3 Ke5 63.Kc3 Rg1
64.Kc4 Rg3 65.Bf5 Kf6 66.Bd7 Rf3 67.Bc6 Rg3 68.Bd5  1-0

[Event "Cannes op"]
[Site "Cannes"]
[Date "1989.??.??"]
[Round "?"]
[White "Dorfman, Josif D"]
[Black "Hector, Jonny"]
[Result "1-0"]
[WhiteElo "2565"]
[BlackElo "2485"]

1.d4 d5 2.c4 c6 3.Nf3 Nf6 4.Nc3 dxc4 5.a4 Bf5 6.e3 e6 7.Bxc4 Bb4 8.O-O Nbd7
9.Nh4 Bg4 10.f3 Bh5 11.g4 Bg6 12.e4 O-O 13.Nxg6 hxg6 14.Kg2 c5 15.Na2 Ba5
16.dxc5 Bc7 17.Be3 Qe7 18.b4 a5 19.Bb5 Rfd8 20.Qc2 Rac8 21.Rac1 axb4 22.Nxb4 Bd6
23.Nc6 bxc6 24.cxd6 Qxd6 25.Be2 Ra8 26.Ra1 Ra5 27.Rfd1 Qc7 28.Bb5 Rc8 29.Bd2 Ra7
30.Be2 e5 31.Bc4 Rca8 32.Rdc1 Nc5 33.Be3 Nfd7 34.Bxf7+ Kxf7 35.Bxc5 Nxc5
36.Qxc5 Rxa4 37.Qd5+ cxd5 38.Rxc7+ Kf6 39.Rxa4 Rxa4 40.exd5 Rd4 41.Rd7 g5
42.Rd6+ Kf7 43.Kf2 e4 44.h3 exf3 45.Kxf3 Rd3+ 46.Ke4 Rxh3 47.Kf5 Rd3 48.Kxg5 Rd4
49.Kf5 Ke7 50.Ra6 Kf7 51.Ra7+ Kf8 52.Ra5 g6+ 53.Kf6 Rf4+ 54.Kg5 Rd4 55.Ra8+ Kf7
56.Ra7+ Kf8 57.Rd7 Kg8 58.Rd6 Kh7 59.Rd8 Kg7 60.Rd6 Kh7 61.Rd7+  1-0

[Event "Cannes op"]
[Site "Cannes"]
[Date "1989.??.??"]
[Round "?"]
[White "Wilder, Michael"]
[Black "Pergericht, Daniel"]
[Result "1-0"]
[WhiteElo "2540"]
[BlackElo "2355"]

1.d4 d5 2.c4 c6 3.Nf3 Nf6 4.Nc3 dxc4 5.a4 Bf5 6.e3 e6 7.Bxc4 Bb4 8.O-O Nbd7
9.Qb3 a5 10.Nh4 Bg6 11.g3 Qb6 12.Na2 Be7 13.Nxg6 hxg6 14.Nc3 Qb4 15.Qa2 Nb6
16.Be2 Nbd5 17.Rd1 O-O-O 18.Bf3 Rh7 19.e4 Nb6 20.Ne2 Nc4 21.b3 Ne5 22.Bg2 Qb6
23.h3 Qa6 24.Qc2 Ned7 25.Be3 Kb8 26.Nf4 Rc8 27.Nd3 Rhh8 28.Bf1 b6 29.Ne5 Qb7
30.Nxf7 c5 31.Bf4+ Ka7 32.d5 exd5 33.Nxh8 Rxh8 34.exd5 Nxd5 35.Bg2 N7f6 36.Be5  1-0

[Event "Copenhagen op"]
[Site "Copenhagen"]
[Date "1989.??.??"]
[Round "4"]
[White "Zsinka, Laszlo"]
[Black "Bang, Andreas"]
[Result "1/2-1/2"]
[WhiteElo "2405"]
[BlackElo "2315"]

1.d4 d5 2.c4 c6 3.Nf3 Nf6 4.Nc3 dxc4 5.a4 Bf5 6.e3 e6 7.Bxc4 Bb4 8.O-O O-O
9.Nh4 Bg6 10.Nxg6 hxg6 11.Qe2 Nbd7 12.Rd1 Qa5 13.Bd2 Rfd8 14.Be1 c5 15.d5 exd5
16.Nxd5 Bxe1 17.Rxe1 Ne5 18.e4 Nxc4 19.Qxc4 Rd7 20.Red1 Rad8 21.g3 Kf8 22.Kg2 Ng4
23.Rac1 b6 24.b3 Ne5 25.Qe2 Nc6 26.h4 Nb4 27.Qc4 Qa6 28.Qxa6 Nxa6 29.Rd2 Nb4
30.Rcd1 Nc6 31.f3 f6 32.Kf2 Kf7 33.Ke3 Na5 34.Rb1 Nc6 35.Rc1 Nb4 36.Rcd1 Nc6
37.Rd3 Ne5 38.Rc3 Nc6  1/2-1/2

[Event "Copenhagen op"]
[Site "Copenhagen"]
[Date "1989.??.??"]
[Round "9"]
[White "Bjerke, Richard"]
[Black "Drasko, Milan"]
[Result "1/2-1/2"]
[WhiteElo "2325"]
[BlackElo "2505"]

1.Nf3 d5 2.d4 Nf6 3.c4 dxc4 4.Nc3 c6 5.a4 Bf5 6.Ne5 Nbd7 7.Nxc4 Qc7 8.g3 e5
9.dxe5 Nxe5 10.Bf4 Rd8 11.Qc1 Bd6 12.Nxd6+ Qxd6 13.Bg2 Qe6 14.O-O Ng6 15.a5 O-O
16.Bg5 a6  1/2-1/2

[Event "DEN-chT8990"]
[Site "DEN"]
[Date "1989.??.??"]
[Round "6"]
[White "Fedder, Steen"]
[Black "Jelling, Erik"]
[Result "1/2-1/2"]
[WhiteElo "2390"]
[BlackElo "2340"]

1.d4 d5 2.c4 c6 3.Nf3 Nf6 4.Nc3 dxc4 5.a4 Bf5 6.Ne5 e6 7.f3 Bb4 8.Nxc4 O-O
9.Bg5 h6 10.Bh4 c5 11.dxc5 Qxd1+ 12.Rxd1 Bc2 13.Rd2 Bb3 14.e4 Na6 15.c6 bxc6
16.Ne5 Nb8 17.Bc4 Bxc4 18.Nxc4 Nbd7 19.Bxf6 Nxf6 20.Ke2 Rab8 21.Rc1 Rfc8
22.Rd3 Kf8 23.Na2 Be7 24.b3 Ke8 25.b4 Nd7 26.Nd6+ Bxd6 27.Rxd6 a5 28.bxa5 Ke7
29.Rd4 Ra8 30.Rb1 Rc7 31.Nc3  1/2-1/2

[Event "Gran Canaria op2"]
[Site "Gran Canaria"]
[Date "1989.??.??"]
[Round "?"]
[White "Solana Suarez, Ernesto"]
[Black "Lezcano Montalvo, Pedro"]
[Result "1/2-1/2"]
[WhiteElo "2275"]
[BlackElo "2250"]

1.d4 d5 2.c4 c6 3.Nf3 Nf6 4.Nc3 dxc4 5.a4 Bf5 6.Ne5 e6 7.f3 Bb4 8.Bg5 c5
9.dxc5 Qxd1+ 10.Rxd1 Bc2 11.Rd2 Bxc3 12.bxc3 Bxa4 13.Rb2 Bb3 14.e4 Nbd7 15.Nxc4 Bxc4
16.Bxc4 Nxc5 17.Bb5+ Nfd7 18.Be3 Rc8  1/2-1/2

[Event "Groningen op"]
[Site "Groningen"]
[Date "1989.??.??"]
[Round "4"]
[White "Hansen, Lars Bo"]
[Black "Kirov, Nino"]
[Result "1-0"]
[WhiteElo "2540"]
[BlackElo "2470"]

1.d4 d5 2.Nf3 c6 3.c4 Nf6 4.Nc3 dxc4 5.a4 Bf5 6.e3 e6 7.Bxc4 Bb4 8.O-O O-O
9.Nh4 Nbd7 10.f3 Bg6 11.e4 e5 12.dxe5 Nxe5 13.Be2 Nfd7 14.g3 Qb6+ 15.Kh1 Rad8
16.Qc2 Rfe8 17.Na2 Be7 18.Ng2 Nc5 19.b4 Ne6 20.Be3 Nd4 21.Qb2 c5 22.f4 Nec6
23.f5 Bxf5 24.exf5 Bf6 25.Rae1 cxb4 26.Bd1 a5 27.Nc1 Qa6 28.Qa2 h6 29.Be2 Nxe2
30.Qxe2 Qxe2 31.Rxe2 Rd5 32.Rd2 Rxd2 33.Bxd2 Nd4 34.Be3 b5 35.Bxd4 Bxd4 36.Nb3 Bc3
37.axb5 a4 38.Nc5 a3 39.Nf4 Re5 40.Nfd3 Rd5 41.b6 Rd6 42.b7 Rb6 43.Nc1 Rb5
44.Rd1 Be5 45.Rd8+ Kh7 46.Nd7 h5 47.Nxe5 Rxb7 48.Nf3 f6 49.Nd4 Ra7 50.Ncb3 a2
51.Na1 Re7 52.Ndb3 Re5 53.Rd2 Rxf5 54.Rxa2 h4 55.Kg2 hxg3 56.hxg3 Rd5 57.Rd2 Re5
58.Nc2 g5 59.Nxb4 Rb5 60.Rd4 f5 61.Nd2  1-0

[Event "Groningen op"]
[Site "Groningen"]
[Date "1989.??.??"]
[Round "5"]
[White "Van der Sterren, Paul"]
[Black "Kirov, Nino"]
[Result "0-1"]
[WhiteElo "2500"]
[BlackElo "2470"]

1.d4 d5 2.c4 c6 3.Nf3 Nf6 4.Nc3 dxc4 5.a4 Bf5 6.e3 e6 7.Bxc4 Bb4 8.O-O O-O
9.Nh4 Nbd7 10.h3 Nb6 11.Bb3 Nbd5 12.Nxf5 exf5 13.Qd3 g6 14.f3 Qb6 15.Bd2 a5
16.Nxd5 Nxd5 17.Rad1 Bxd2 18.Rxd2 Rad8 19.Re1 Rd7 20.e4 Nf4 21.Qe3 fxe4 22.fxe4 Ne6
23.Red1 Rfd8 24.Bxe6 fxe6 25.Qc3 Qb4 26.Qxb4 axb4 27.Kf2 b3 28.Rd3 Ra8 29.Ra1 c5
30.Rxb3 cxd4 31.Ke2 Ra5 32.Kd3 h5 33.h4 g5 34.Rb6 gxh4 35.Rxe6 Rg5 36.Rd1 Rxg2
37.Re5 Rxb2 38.Rxh5 h3 39.Rh1 Rb3+ 40.Kc2 Rc3+ 41.Kd2 Rh7 42.Rd5 Rg7 43.Rh2 Ra3
44.Kc1 Rg1+ 45.Kb2 Rag3 46.Rc2 R1g2 47.Kb1 Rb3+ 48.Kc1 Rc3  0-1

[Event "EU-chT"]
[Site "Haifa"]
[Date "1989.??.??"]
[Round "5"]
[White "Stempin, Pawel"]
[Black "Meduna, Eduard"]
[Result "0-1"]
[WhiteElo "2405"]
[BlackElo "2475"]

1.d4 d5 2.c4 c6 3.Nf3 Nf6 4.Nc3 dxc4 5.a4 Bf5 6.Ne5 Nbd7 7.Nxc4 Nb6 8.Ne5 e6
9.e3 Bd6 10.Be2 O-O 11.O-O c5 12.a5 cxd4 13.exd4 Nbd5 14.Nb5 Bb8 15.Qb3 Nd7
16.Nc4 Qe7 17.Bf3 Rc8 18.Ne3 Nxe3 19.Bxe3 Nf6 20.Nc3 Ng4 21.h3 Nxe3 22.fxe3 Qd6
23.Bxb7 Qh2+ 24.Kf2 Bg3+ 25.Kf3 Bh4 26.Bxa8 Rxa8 27.Ne2 Rb8 28.Rac1 Be4+
29.Kxe4 Qxg2+ 30.Ke5 Qg5+ 31.Ke4 f5+  0-1

[Event "EU-chT"]
[Site "Haifa"]
[Date "1989.??.??"]
[Round "8"]
[White "Lev, Ronen"]
[Black "Velikov, Petar"]
[Result "1/2-1/2"]
[WhiteElo "2410"]
[BlackElo "2480"]

1.d4 d5 2.c4 c6 3.Nf3 Nf6 4.Nc3 dxc4 5.a4 Bf5 6.Nh4 Bc8 7.Nf3 Bf5 8.Nh4 Bc8
9.e3 e5 10.Bxc4 exd4 11.exd4 Be7 12.O-O O-O 13.Re1 Na6 14.Bg5 Nc7 15.Qd3 Nfd5
16.Nxd5 Bxg5 17.Nxc7 Qxc7 18.Nf3 Bf6 19.Re2 Bg4 20.d5 Rad8 21.Qe4 Bh5 22.dxc6 Qxc6
23.Qxc6 bxc6 24.Rae1 Bxf3 25.gxf3  1/2-1/2

[Event "EU-chT"]
[Site "Haifa"]
[Date "1989.??.??"]
[Round "9"]
[White "Cramling, Pia"]
[Black "Morris, Charles F"]
[Result "1-0"]
[WhiteElo "2480"]
[BlackElo "2205"]

1.d4 d5 2.c4 c6 3.Nf3 Nf6 4.Nc3 dxc4 5.a4 Bf5 6.Nh4 Bc8 7.Nf3 Bf5 8.Ne5 e6
9.g3 Bb4 10.Bg2 Ne4 11.O-O Bxc3 12.bxc3 Nxc3 13.Qe1 Qxd4 14.Bb2 Qxe5 15.Bxc3 Qc7
16.e4 Bg6 17.Bxg7 Rg8 18.Bc3 Nd7 19.Qe2 h5 20.f4 O-O-O 21.f5 exf5 22.exf5 Rge8
23.Qxc4 Bh7 24.Qxf7 Bg8 25.Qxh5 Ne5 26.f6 Bf7 27.Qf5+ Kb8 28.Rae1 Nc4 29.Qc5 Qb6
30.Qxb6 Nxb6 31.Re7 Bc4 32.Rf4 Rd1+ 33.Kf2 Red8 34.f7 Rc1 35.f8=Q Rc2+ 36.Kg1 Rc1+
37.Be1  1-0

[Event "Balkaniad"]
[Site "Hania"]
[Date "1989.??.??"]
[Round "?"]
[White "Botsari Miladinovic, Anna Maria"]
[Black "Aladjova, Katrin"]
[Result "1-0"]
[WhiteElo "2160"]
[BlackElo "2075"]

1.d4 d5 2.c4 c6 3.Nf3 Nf6 4.Nc3 dxc4 5.a4 Bf5 6.Ne5 e6 7.f3 Bb4 8.Nxc4 Nd5
9.Qd2 Nb6 10.e4 Nxc4 11.Bxc4 Bg6 12.O-O O-O 13.Qf2 Nd7 14.Bf4 Qa5 15.Na2 e5
16.Be3 Be7 17.Nc3 Qb4 18.Ba2 exd4 19.Bxd4 Nc5 20.Rfd1 a5 21.Qc2 Ne6 22.Bf2 Bc5
23.Rac1 Bxf2+ 24.Qxf2 Rfd8 25.g3 Nd4 26.Rd3 Rd7 27.Kg2 Rad8 28.Nd5 Qxa4 29.Ra3 Qb5
30.Bc4 Qc5 31.Nf6+ Kf8 32.Nxd7+ Rxd7 33.Rac3 Qe5 34.Bd3 b6 35.Qe3 Qd6 36.Rd1 c5
37.h3 f6 38.f4 Re7 39.Re1 f5 40.g4 fxe4 41.f5 Be8 42.f6 Re5 43.fxg7+ Kxg7
44.Qf4 Qe7 45.Bb1 Bc6 46.Rce3 h6 47.Kg3 h5 48.Bxe4 hxg4 49.Bxc6 Nf5+ 50.Qxf5 Rxe3+
51.Rxe3 Qxe3+ 52.Kxg4 Qd4+ 53.Kh5 Qxb2 54.Qg6+ Kf8 55.Qe8+  1-0

[Event "Leningrad"]
[Site "Leningrad"]
[Date "1989.??.??"]
[Round "?"]
[White "Aseev, Konstantin N"]
[Black "Kirov, Nino"]
[Result "1/2-1/2"]
[WhiteElo "2485"]
[BlackElo "2470"]

1.d4 d5 2.c4 c6 3.Nf3 Nf6 4.Nc3 dxc4 5.a4 Bf5 6.e3 e6 7.Bxc4 Bb4 8.O-O O-O
9.Nh4 Nbd7 10.Nxf5 exf5 11.f3 Rc8 12.Bb3 c5  1/2-1/2